The Evaluation of Nuclear Deterrence in South Asia / (Record no. 617146)

000 -LEADER
fixed length control field 00475nam a22001697a 4500
003 - CONTROL NUMBER IDENTIFIER
control field NUST
005 - DATE AND TIME OF LATEST TRANSACTION
control field 20260417093636.0
008 - FIXED-LENGTH DATA ELEMENTS--GENERAL INFORMATION
fixed length control field 260417b ||||| |||| 00| 0 eng d
020 ## - INTERNATIONAL STANDARD BOOK NUMBER
International Standard Book Number 978-969-9982-00-2
082 ## - DEWEY DECIMAL CLASSIFICATION NUMBER
Classification number 355.021
Author Mark TUG
100 ## - MAIN ENTRY--PERSONAL NAME
Personal name Tughral Yamin.
9 (RLIN) 25589
245 ## - TITLE STATEMENT
Title The Evaluation of Nuclear Deterrence in South Asia /
Statement of responsibility, etc. Tughral Yamin.
260 ## - PUBLICATION, DISTRIBUTION, ETC.
Place of publication, distribution, etc. Pakistan:
Name of publisher, distributor, etc. The Army Press,
Date of publication, distribution, etc. 2014.
300 ## - PHYSICAL DESCRIPTION
Extent 272 p ;
Dimensions 25.5 cm
563 ## - BINDING INFORMATION
Binding note Paperback
942 ## - ADDED ENTRY ELEMENTS (KOHA)
Source of classification or shelving scheme
Koha item type Book
Holdings
Withdrawn status Lost status Source of classification or shelving scheme Damaged status Not for loan Permanent Location Current Location Date acquired Total Checkouts Full call number Barcode Date last seen Price effective from Koha item type
          Institute of Geographical Information Systems (IGIS) Institute of Geographical Information Systems (IGIS) 04/17/2026   355.021 TUG IGIS-1237 04/17/2026 04/17/2026 Book
          Institute of Geographical Information Systems (IGIS) Institute of Geographical Information Systems (IGIS) 04/17/2026   355.021 TUG IGIS-1238 04/17/2026 04/17/2026 Book
© 2023 Central Library, National University of Sciences and Technology. All Rights Reserved.